000 00940nam a2200253Ia 4500
003 GCL
008 140319s9999 xx 000 0 ara d
040 _aGCL /
_cGCL
082 0 4 _a928.1
_bع ع
100 1 _aعبدالعزيز المقالح
245 1 0 _aعمالقة عند مطلع القرن: احمد شيونى, حافظ ابراهيم, طه حسين, عباس العقاد, مصطفى صادق الرافعى, ابوالقاسم الشابى /
_cعبدالعزيز المقالح
300 _a224
490 _a100 قصة
_v0
650 0 4 _aابوالقاسم الشابى
650 0 4 _aالتراجم الادبية
650 0 4 _aحافظ ابراهيم
650 0 4 _aاحمد شوقى
650 0 4 _aالادباء المصريون
650 0 4 _aعباس محمود العقاد
650 0 4 _aالادباء العرب
650 0 4 _aطه حسين
650 0 4 _aمصطفى صادق الرافعى
942 _2ddc
_cBK
999 _c44065
_d44065